Länder, die auf -land enden - Statistiken

Allgemein
  • Dieses Quiz wurde 3.089 mal gespielt
    2.418 seit der letzten Aktualisierung
  • Das Durchschnittsergebnis liegt bei 8 aus 10
Antwortstatistiken
Land % Korrekt
Deutschland
96%
Russland
88%
Finnland
84%
Estland
81%
Lettland
79%
Irland
76%
Island
76%
Griechenland
75%
Neuseeland
59%
Thailand
57%
Keine übereinstimmenden Quizze gefunden
Verteilung der Resultate
Anzahl Personen mit jedem Resultat
Perzentil nach korrekt beantworteten Fragen
Ihre Resultats-Entwicklung
Sie haben dieses Quiz seit der letzten Aktualisierung nicht gespielt